A Profile of Filipino women: (Record no. 1221)

MARC details
000 -LEADER
fixed length control field 008430000a22002530004500
003 - CONTROL NUMBER IDENTIFIER
control field LK-CoMWRAF
005 - DATE AND TIME OF LATEST TRANSACTION
control field 20231125105510.0
008 - FIXED-LENGTH DATA ELEMENTS--GENERAL INFORMATION
fixed length control field 230817t1977 ||||| |||| 00| 0 eng d
040 ## - CATALOGING SOURCE
Original cataloging agency LK-CoMWRAF
Modifying agency LK-CoMWRAF
Description conventions LK-CoMWRAF
041 ## - LANGUAGE CODE
Language code of text/sound track or separate title English
082 ## - DEWEY DECIMAL CLASSIFICATION NUMBER
Classification number 301.412
Item number ROJ
942 ## - ADDED ENTRY ELEMENTS (KOHA)
Koha item type Books
100 ## - MAIN ENTRY--PERSONAL NAME
Personal name Rojas-Aleta, Isabel
700 ## - ADDED ENTRY--PERSONAL NAME
Personal name Silva, Teresita L.
700 ## - ADDED ENTRY--PERSONAL NAME
Personal name Eleazar, Christine P.
245 ## - TITLE STATEMENT
Title A Profile of Filipino women:
Remainder of title their status and role
260 ## - PUBLICATION, DISTRIBUTION, ETC. (IMPRINT)
Place of publication, distribution, etc. Manila:
Name of publisher, distributor, etc. Philippine Business for Social Progress,
Date of publication, distribution, etc. 1977
300 ## - PHYSICAL DESCRIPTION
Extent xxvii, 400 p. ; 27 cm.
Other physical details Bibliography included
856 ## - ELECTRONIC LOCATION AND ACCESS
Uniform Resource Identifier <a href="https://pdf.usaid.gov/pdf_docs/PNAAX060.pdf">https://pdf.usaid.gov/pdf_docs/PNAAX060.pdf</a>
650 ## - SUBJECT ADDED ENTRY--TOPICAL TERM
Topical term or geographic name as entry element Women--Philippines--Social conditions
650 ## - SUBJECT ADDED ENTRY--TOPICAL TERM
Topical term or geographic name as entry element Women--Philippines--Economic conditions
650 ## - SUBJECT ADDED ENTRY--TOPICAL TERM
Topical term or geographic name as entry element Women--Philippines--Societies and clubs
650 ## - SUBJECT ADDED ENTRY--TOPICAL TERM
Topical term or geographic name as entry element Sex role.
Holdings
Withdrawn status Lost status Damaged status Not for loan Permanent Location Current Location Date acquired Full call number Barcode Koha item type
        Resource center, Muslim Women's Research And Action Forum Resource center, Muslim Women's Research And Action Forum 2023-08-17 301.412 ROJ RAF3142 Books

Copyright © 2023 Muslim Women's Research and Action Forum (MWRAF), No 27/3, Anderson Road, Kalubowila, Dehiwela. Funded by The Asia Fundation